[Event "HUN KO-ch Men 2019"]
[Site "Budapest"]
[Date "2019.12.10"]
[Round "1.6"]
[White "Papp, Gabor"]
[Black "Sipos, Istvan"]
[Result "1-0"]
[WhiteElo "2582"]
[BlackElo "2473"]
[Annotator "RC"]
[PlyCount "195"]
[EventDate "2019.12.10"]
[EventType "k.o."]
[EventCountry "HUN"]
[SourceTitle "playchess.com"]
[Source "ChessBase"]
[SourceQuality "1"]
[TimeControl "40/5400+30:1800+30"]

1. e4 {[%emt 0:00:04]} e5 {[%emt 0:00:06]} 2. Nf3 {[%emt 0:00:12]} Nc6 {[%emt 0:00:06]} 3. Bb5 {[%emt 0:00:30]} Nf6 {[%emt 0:00:06]} 4. O-O {[%emt 0:01:22]} Nxe4 {[%emt 0:00:11]} 5. Re1 {[%emt 0:00:29]} Nd6 {[%emt 0:00:07]} 6. Nxe5 {[%emt 0:00:05]} Be7 {[%emt 0:00:06]} 7. Bf1 {[%emt 0:00:30]} Nxe5 {[%emt 0:01:52]} 8. Rxe5 {[%emt 0:00:07]} O-O {[%emt 0:00:06]} 9. d4 {[%emt 0:01:02]} Bf6 {[%emt 0:01:34]} 10. Re1 {[%emt 0:00:38]} b6 {[%emt 0:06:25]} 11. Bf4 {[%emt 0:14:35]} Nf5 {[%emt 0:02:31]} 12. c3 {[%emt 0:00:25]} d5 {[%emt 0:03:02]} 13. Nd2 {[%emt 0:03:31]} Nh4 {[%emt 0:01:00]} 14. h3 {[%emt 0:12:45]} c6 {[%emt 0:06:48]} 15. Be5 {[%emt 0:05:28]} Bxe5 {[%emt 0:02:35]} 16. Rxe5 {[%emt 0:03:45]} Qf6 {[%emt 0:04:59]} 17. g3 {[%emt 0:04:45]} Ng6 {[%emt 0:02:21]} 18. Re3 {[%emt 0:00:36]} Bd7 {[%emt 0:00:43]} 19. a4 {[%emt 0:05:53]} Rae8 {[%emt 0:01:35]} 20. Rxe8 {[%emt 0:01:01]} Rxe8 {[%emt 0:00:05]} 21. a5 {[%emt 0:00:12]} b5 {[%emt 0:10:21]} 22. Nb3 {[%emt 0:04:49]} Qg5 {[%emt 0:04:21]} 23. Qd2 {[%emt 0:04:45]} h6 {[%emt 0:04:07]} 24. Re1 {[%emt 0:09:53]} Re7 {[%emt 0:20:40]} 25. Rxe7 {[%emt 0:01:24]} Qxd2 {[%emt 0:00:36]} 26. Re8+ {[%emt 0:01:40]} Bxe8 {[%emt 0:00:05]} 27. Nxd2 {[%emt 0:00:03]} Ne7 {[%emt 0:01:15]} 28. h4 {[%emt 0:00:58]} Bd7 {[%emt 0:03:50]} 29. f3 {[%emt 0:03:13]} g5 {[%emt 0:01:25]} 30. Kf2 {[%emt 0:00:54]} gxh4 {[%emt 0:02:22]} 31. gxh4 {[%emt 0:00:04]} Kg7 {[%emt 0:00:17]} 32. Nb3 {[%emt 0:02:33]} Bf5 {[%emt 0:09:38]} 33. Nc5 {[%emt 0:01:30]} Kf6 {[%emt 0:01:21]} 34. Na6 {[%emt 0:03:46]} Bc8 {[%emt 0:04:30]} 35. Nb4 {[%emt 0:00:14]} h5 {[%emt 0:01:47]} 36. Nd3 {[%emt 0:01:54]} Ng6 {[%emt 0:00:29]} 37. Kg3 {[%emt 0:00:09]} Bf5 {[%emt 0:02:07]} 38. Nb4 {[%emt 0:03:46]} Ne7 {[%emt 0:00:07]} 39. Kf2 {[%emt 0:01:06]} Bd7 {[%emt 0:01:29]} 40. Bd3 {[%emt 0:00:00]} Ke6 {[%emt 0:00:00]} 41. Kg3 {[%emt 0:01:36]} Kd6 {[%emt 0:03:06]} 42. Kf4 {[%emt 0:01:00]} f6 {[%emt 0:00:44]} 43. Nc2 {[%emt 0:03:56]} Be8 {[%emt 0:13:43]} 44. Ne3 {[%emt 0:01:20]} Bg6 {[%emt 0:00:24]} 45. Bf1 {[%emt 0:03:07]} Bb1 {[%emt 0:01:16]} 46. Bh3 {[%emt 0:01:14]} Ng6+ {[%emt 0:00:44]} 47. Kg3 {[%emt 0:00:05]} Ne7 {[%emt 0:00:43]} 48. f4 {[%emt 0:10:38]} c5 {[%emt 0:07:01]} 49. dxc5+ {[%emt 0:00:49]} Kxc5 {[%emt 0:00:02]} 50. b4+ {[%emt 0:00:06]} Kd6 {[%emt 0:00:05]} 51. Bf1 {[%emt 0:01:46]} a6 {[%emt 0:00:36]} 52. Be2 {[%emt 0:01:06]} Bg6 {[%emt 0:00:30]} 53. f5 {[%emt 0:02:22]} Bf7 {[%emt 0:00:41]} 54. Kf4 {[%emt 0:01:13]} Nc6 {[%emt 0:01:06]} 55. Nc2 {[%emt 0:01:44]} Be8 {[%emt 0:00:01]} 56. Bf3 {[%emt 0:01:27]} Bf7 {[%emt 0:00:21]} 57. Bd1 {[%emt 0:00:38]} Be8 {[%emt 0:00:37]} 58. Be2 {[%emt 0:00:46]} Bf7 {[%emt 0:00:05]} 59. Bf3 {[%emt 0:00:04]} Be8 {[%emt 0:00:27]} 60. Bh1 {[%emt 0:00:22]} Bf7 {[%emt 0:00:31]} 61. Bg2 {[%emt 0:00:05]} Be8 {[%emt 0:00:25]} 62. Ne3 {[%emt 0:04:44]} Bf7 {[%emt 0:00:18]} 63. Bf3 {[%emt 0:02:01]} Ne5 {[%emt 0:00:29]} 64. Be2 {[%emt 0:00:41]} Nc6 {[%emt 0:00:24]} 65. Nc2 {[%emt 0:00:38]} Be8 {[%emt 0:00:22]} 66. Bd3 {[%emt 0:00:22]} Bf7 {[%emt 0:00:25]} 67. Bf1 {[%emt 0:01:15]} Be8 {[%emt 0:00:13]} 68. Bh3 {[%emt 0:01:05]} Bf7 {[%emt 0:00:44]} 69. Ke3 {[%emt 0:00:43]} Ke5 {[%emt 0:01:59]} 70. Ne1 {[%emt 0:00:03]} d4+ {[%emt 0:01:33]} 71. cxd4+ {[%emt 0:00:08]} Nxd4 {[%emt 0:00:02]} 72. Nd3+ {[%emt 0:00:06]} Kd5 {[%emt 0:00:02]} 73. Bg2+ {[%emt 0:02:50]} Kc4 {[%emt 0:00:04]} 74. Nb2+ {[%emt 0:00:33]} Kc3 {[%emt 0:00:04]} 75. Nd1+ {[%emt 0:00:02]} Kc4 {[%emt 0:00:03]} 76. Nb2+ {[%emt 0:01:30]} Kc3 {[%emt 0:00:05]} 77. Nd1+ {[%emt 0:00:00]} Kc4 {[%emt 0:00:04]} 78. Bf1+ {[%emt 0:01:32]} Kd5 {[%emt 0:00:05]} 79. Kf4 {[%emt 0:00:03]} Nc2 {[%emt 0:02:31]} 80. Ne3+ {[%emt 0:00:38]} Nxe3 {[%emt 0:00:06]} 81. Kxe3 {[%emt 0:00:01]} Be8 {[%emt 0:08:02]} 82. Bd3 {[%emt 0:00:09]} Bd7 {[%emt 0:00:38]} 83. Be2 {[%emt 0:00:34]} Bxf5 {[%emt 0:01:09]} 84. Bxh5 {[%emt 0:00:54]} Kc4 {[%emt 0:00:03]} 85. Kf4 {[%emt 0:02:02]} Bh7 {[%emt 0:00:11]} 86. Bf7+ {[%emt 0:00:14]} Kxb4 {[%emt 0:00:04]} 87. h5 {[%emt 0:00:02]} Kc3 {[%emt 0:02:38]} 88. Bg6 {[%emt 0:00:03]} Bg8 {[%emt 0:00:48]} 89. Kf5 {[%emt 0:00:12]} b4 {[%emt 0:00:08]} 90. Kxf6 {[%emt 0:00:04]} b3 {[%emt 0:00:29]} 91. Kg7 {[%emt 0:00:05]} Bc4 {[%emt 0:00:20]} 92. h6 {[%emt 0:00:04]} Bd3 {[%emt 0:00:19]} 93. Bxd3 {[%emt 0:00:20]} Kxd3 {[%emt 0:00:07]} 94. h7 {[%emt 0:00:02]} Kc2 {[%emt 0:00:24]} 95. h8=Q {[%emt 0:00:07]} b2 {[%emt 0:00:01]} 96. Qc8+ {[%emt 0:00:59]} Kd2 {[%emt 0:00:22]} 97. Qb7 {[%emt 0:00:10]} Kc1 {[%emt 0:00:11]} 98. Qxa6 {[%emt 0:00:25]} 1-0

[Event "HUN KO-ch Men 2019"]
[Site "Budapest"]
[Date "2019.12.10"]
[Round "1.7"]
[White "Mihok, Oliver"]
[Black "Acs, Peter"]
[Result "1/2-1/2"]
[WhiteElo "2567"]
[BlackElo "2580"]
[Annotator "ChessBase"]
[PlyCount "119"]
[EventDate "2019.12.10"]
[EventType "k.o."]
[EventCountry "HUN"]
[SourceTitle "playchess.com"]
[Source "ChessBase"]
[SourceQuality "1"]
[TimeControl "40/5400+30:1800+30"]

1. e4 {[%emt 0:00:04]} e5 {[%emt 0:00:22]} 2. Nf3 {[%emt 0:00:05]} Nc6 {[%emt 0:00:14]} 3. Bb5 {[%emt 0:00:06]} a6 {[%emt 0:00:28]} 4. Ba4 {[%emt 0:00:07]} Nf6 {[%emt 0:00:11]} 5. O-O {[%emt 0:00:13]} Be7 {[%emt 0:00:20]} 6. Re1 {[%emt 0:00:05]} b5 {[%emt 0:00:08]} 7. Bb3 {[%emt 0:00:03]} d6 {[%emt 0:00:18]} 8. c3 {[%emt 0:00:03]} O-O {[%emt 0:00:10]} 9. h3 {[%emt 0:00:04]} Nb8 {[%emt 0:05:03]} 10. d4 {[%emt 0:00:07]} Nbd7 {[%emt 0:00:06]} 11. Nbd2 {[%emt 0:00:06]} Bb7 {[%emt 0:01:13]} 12. Bc2 {[%emt 0:00:10]} Re8 {[%emt 0:01:45]} 13. a4 {[%emt 0:00:43]} Bf8 {[%emt 0:03:30]} 14. Bd3 {[%emt 0:00:43]} c6 {[%emt 0:04:42]} 15. b3 {[%emt 0:01:10]} g6 {[%emt 0:04:54]} 16. Bb2 {[%emt 0:00:15]} Bg7 {[%emt 0:04:20]} 17. Qc2 {[%emt 0:00:21]} Qb8 {[%emt 0:05:21]} 18. Rab1 {[%emt 0:08:00]} Nh5 {[%emt 0:05:14]} 19. Bf1 {[%emt 0:03:05]} Nf4 {[%emt 0:02:56]} 20. b4 {[%emt 0:20:05]} exd4 {[%emt 0:08:24]} 21. cxd4 {[%emt 0:00:34]} d5 {[%emt 0:00:18]} 22. a5 {[%emt 0:02:15]} dxe4 {[%emt 0:03:41]} 23. Nxe4 {[%emt 0:01:16]} Nd5 {[%emt 0:01:02]} 24. Qb3 {[%emt 0:05:24]} N7f6 {[%emt 0:12:04]} 25. Nc5 {[%emt 0:03:16]} Rxe1 {[%emt 0:00:15]} 26. Rxe1 {[%emt 0:00:21]} Qc7 {[%emt 0:01:17]} 27. Ne5 {[%emt 0:07:27]} Rd8 {[%emt 0:06:31]} 28. g3 {[%emt 0:03:45]} Bc8 {[%emt 0:00:44]} 29. Bg2 {[%emt 0:01:00]} Qd6 {[%emt 0:07:35]} 30. Rc1 {[%emt 0:03:32]} Bh6 {[%emt 0:01:27]} 31. Rc2 {[%emt 0:02:47]} Bf5 {[%emt 0:01:00]} 32. Re2 {[%emt 0:02:17]} Bc8 {[%emt 0:02:49]} 33. Kh2 {[%emt 0:08:29]} Rf8 {[%emt 0:01:58]} 34. Ba3 {[%emt 0:08:57]} Ne7 {[%emt 0:04:10]} 35. Qf3 {[%emt 0:01:13]} Nfd5 {[%emt 0:00:54]} 36. Ne4 {[%emt 0:03:00]} Qc7 {[%emt 0:01:30]} 37. Nc5 {[%emt 0:02:02]} Bg7 {[%emt 0:02:29]} 38. Qb3 {[%emt 0:01:05]} h5 {[%emt 0:00:00]} 39. h4 {[%emt 0:05:24]} Nf6 {[%emt 0:08:01]} 40. Bc1 {[%emt 0:00:00]} Nf5 {[%emt 0:00:00]} 41. Nxc6 {[%emt 0:12:28]} Ng4+ {[%emt 0:07:27]} 42. Kg1 {[%emt 0:02:06]} Nxd4 {[%emt 0:00:37]} 43. Nxd4 {[%emt 0:01:15]} Bxd4 {[%emt 0:00:08]} 44. Bf4 {[%emt 0:02:38]} Qd8 {[%emt 0:01:33]} 45. Bd5 {[%emt 0:06:59]} Nf6 {[%emt 0:05:09]} 46. Bc6 {[%emt 0:01:14]} Ng4 {[%emt 0:06:55]} 47. Kg2 {[%emt 0:03:02]} Qf6 {[%emt 0:00:50]} 48. Bd5 {[%emt 0:00:52]} Nxf2 {[%emt 0:04:39]} 49. Rxf2 {[%emt 0:00:46]} Qf5 {[%emt 0:00:28]} 50. Qf3 {[%emt 0:09:18]} Rd8 {[%emt 0:02:34]} 51. Be4 {[%emt 0:00:50]} Qh3+ {[%emt 0:01:50]} 52. Kg1 {[%emt 0:00:03]} Bxf2+ {[%emt 0:01:25]} 53. Kxf2 {[%emt 0:00:02]} Qh2+ {[%emt 0:00:16]} 54. Qg2 {[%emt 0:01:03]} Qxg2+ {[%emt 0:00:10]} 55. Bxg2 {[%emt 0:01:25]} Rd4 {[%emt 0:00:19]} 56. Ne4 {[%emt 0:01:53]} Rxb4 {[%emt 0:00:38]} 57. Nf6+ {[%emt 0:00:13]} Kg7 {[%emt 0:00:58]} 58. Ne8+ {[%emt 0:00:15]} Kg8 {[%emt 0:00:20]} 59. Nf6+ {[%emt 0:00:09]} Kg7 {[%emt 0:00:12]} 60. Ne8+ {[%emt 0:02:28]} 1/2-1/2

[Event "HUN KO-ch Men 2019"]
[Site "Budapest"]
[Date "2019.12.10"]
[Round "1.8"]
[White "Antal, Gergely"]
[Black "Balog, Imre"]
[Result "1/2-1/2"]
[WhiteElo "2563"]
[BlackElo "2558"]
[Annotator "ChessBase"]
[PlyCount "130"]
[EventDate "2019.12.10"]
[EventType "k.o."]
[EventCountry "HUN"]
[SourceTitle "playchess.com"]
[Source "ChessBase"]
[SourceQuality "1"]
[TimeControl "40/5400+30:1800+30"]

1. e4 {[%emt 0:00:05]} e6 {[%emt 0:00:24]} 2. d4 {[%emt 0:00:08]} d5 {[%emt 0:00:08]} 3. Nd2 {[%emt 0:00:05]} dxe4 {[%emt 0:00:30]} 4. Nxe4 {[%emt 0:00:04]} Nd7 {[%emt 0:00:08]} 5. c3 {[%emt 0:00:37]} Ngf6 {[%emt 0:00:37]} 6. Bd3 {[%emt 0:00:03]} c5 {[%emt 0:01:58]} 7. Nf3 {[%emt 0:02:08]} Nxe4 {[%emt 0:02:03]} 8. Bxe4 {[%emt 0:00:04]} Nf6 {[%emt 0:00:09]} 9. Bc2 {[%emt 0:00:04]} cxd4 {[%emt 0:00:39]} 10. Nxd4 {[%emt 0:00:04]} Bc5 {[%emt 0:00:24]} 11. O-O {[%emt 0:00:07]} Bxd4 {[%emt 0:02:00]} 12. cxd4 {[%emt 0:00:30]} Bd7 {[%emt 0:00:07]} 13. a4 {[%emt 0:03:06]} Bc6 {[%emt 0:01:38]} 14. Ra3 {[%emt 0:00:30]} O-O {[%emt 0:15:55]} 15. Bg5 {[%emt 0:10:31]} h6 {[%emt 0:03:00]} 16. Bxh6 {[%emt 0:25:36]} gxh6 {[%emt 0:07:28]} 17. Qd2 {[%emt 0:00:33]} Ng4 {[%emt 0:24:31]} 18. h3 {[%emt 0:01:13]} Qg5 {[%emt 0:01:30]} 19. f4 {[%emt 0:10:07]} Qh4 {[%emt 0:02:46]} 20. hxg4 {[%emt 0:00:08]} Rfd8 {[%emt 0:01:45]} 21. g5 {[%emt 0:13:16]} hxg5 {[%emt 0:08:49]} 22. Rh3 {[%emt 0:00:19]} Qg4 {[%emt 0:00:14]} 23. Bd1 {[%emt 0:02:31]} Qf5 {[%emt 0:00:06]} 24. fxg5 {[%emt 0:03:27]} Qe4 {[%emt 0:01:13]} 25. Bh5 {[%emt 0:01:30]} Qxd4+ {[%emt 0:07:38]} 26. Qxd4 {[%emt 0:00:04]} Rxd4 {[%emt 0:00:02]} 27. Bxf7+ {[%emt 0:00:36]} Kg7 {[%emt 0:00:05]} 28. Bxe6 {[%emt 0:03:59]} Rd2 {[%emt 0:01:34]} 29. Rf7+ {[%emt 0:09:23]} Kg6 {[%emt 0:00:07]} 30. Rf6+ {[%emt 0:00:16]} Kg7 {[%emt 0:00:23]} 31. g4 {[%emt 0:03:05]} Rad8 {[%emt 0:02:31]} 32. Bb3 {[%emt 0:03:01]} Rg2+ {[%emt 0:03:04]} 33. Kf1 {[%emt 0:00:04]} Rxg4 {[%emt 0:00:23]} 34. Rf7+ {[%emt 0:05:21]} Kg6 {[%emt 0:00:07]} 35. Rhh7 {[%emt 0:00:54]} Kxg5 {[%emt 0:02:18]} 36. Rhg7+ {[%emt 0:00:55]} Kh4 {[%emt 0:00:06]} 37. Rxg4+ {[%emt 0:00:03]} Kxg4 {[%emt 0:00:07]} 38. Ke1 {[%emt 0:01:08]} Bf3 {[%emt 0:01:15]} 39. Be6+ {[%emt 0:01:06]} Kg3 {[%emt 0:00:07]} 40. Bd7 {[%emt 0:00:00]} Bd5 {[%emt 0:00:00]} 41. Re7 {[%emt 0:00:41]} Kf3 {[%emt 0:00:48]} 42. Bb5 {[%emt 0:02:14]} Be4 {[%emt 0:00:28]} 43. Rc7 {[%emt 0:04:58]} a6 {[%emt 0:02:18]} 44. Be2+ {[%emt 0:01:09]} Kf4 {[%emt 0:00:36]} 45. Rc1 {[%emt 0:00:54]} Rd6 {[%emt 0:00:20]} 46. b4 {[%emt 0:00:56]} Rh6 {[%emt 0:01:53]} 47. Kd2 {[%emt 0:03:44]} Rh2 {[%emt 0:00:14]} 48. Rc8 {[%emt 0:00:41]} Bc6 {[%emt 0:03:06]} 49. Rc7 {[%emt 0:04:47]} Ke5 {[%emt 0:02:44]} 50. Ke3 {[%emt 0:01:14]} Rh3+ {[%emt 0:01:12]} 51. Kd2 {[%emt 0:00:02]} Bd5 {[%emt 0:00:19]} 52. Rc3 {[%emt 0:02:25]} Rh2 {[%emt 0:01:21]} 53. Re3+ {[%emt 0:00:32]} Kf4 {[%emt 0:00:20]} 54. Rc3 {[%emt 0:02:44]} Bc6 {[%emt 0:02:04]} 55. Ra3 {[%emt 0:00:10]} Ke5 {[%emt 0:03:38]} 56. Ke1 {[%emt 0:02:20]} Be4 {[%emt 0:00:28]} 57. Rc3 {[%emt 0:01:40]} Rh1+ {[%emt 0:01:06]} 58. Kd2 {[%emt 0:00:02]} Ra1 {[%emt 0:02:56]} 59. a5 {[%emt 0:03:44]} Ra2+ {[%emt 0:03:27]} 60. Ke3 {[%emt 0:00:06]} Bg2 {[%emt 0:00:53]} 61. Rc5+ {[%emt 0:00:41]} Kd6 {[%emt 0:00:28]} 62. Rg5 {[%emt 0:00:34]} Bd5 {[%emt 0:01:48]} 63. Rg6+ {[%emt 0:01:48]} Kc7 {[%emt 0:00:10]} 64. Rg7+ {[%emt 0:00:45]} Kb8 {[%emt 0:00:12]} 65. Kd4 {[%emt 0:00:12]} Rxe2 1/2-1/2

[Event "HUN KO-ch Men 2019"]
[Site "Budapest"]
[Date "2019.12.12"]
[Round "2.1"]
[White "Hera, Imre Jr."]
[Black "Erdos, Viktor"]
[Result "1/2-1/2"]
[WhiteElo "2619"]
[BlackElo "2609"]
[Annotator "TA"]
[PlyCount "39"]
[EventDate "2019.12.10"]
[EventType "k.o."]
[EventCountry "HUN"]
[SourceTitle "playchess.com"]
[Source "ChessBase"]
[SourceQuality "1"]

{[%evp 15,22,13,8,18,13,8,16,16,24]} 1. c4 Nf6 2. Nc3 e5 3. Nf3 Nc6 4. g3 Bc5 5. Bg2 d6 6. d3 h6 7. a3 a6 8. O-O O-O {The position is equal.} 9. e3 {A29: English Opening: Four Knights Variation with 4 g3} Ba7 10. b4 Be6 11. Bb2 Ne7 (11... Qd7 12. Rc1 Ne7 13. d4 exd4 14. Nxd4 Bxc4 15. Ne4 Nxe4 16. Rxc4 d5 17. Bxe4 dxc4 {1-0 (31) Navara,D (2734)-Fedorchuk,S (2633) Riga 2019}) {Predecessor:} 12. Re1 $146 Qd7 13. Rc1 Rad8 14. Qa4 c6 15. c5 Ng6 16. cxd6 Qxd6 17. Red1 Bg4 18. h3 Bxf3 19. Bxf3 Bxe3 20. fxe3 {½-½ (30) Pohjosmaki,R (2255)-Glaser,K (2262) ICCF email 2014} 1/2-1/2

[Event "HUN KO-ch Men 2019"]
[Site "Budapest"]
[Date "2019.12.12"]
[Round "2.1"]
[White "Papp, Gabor"]
[Black "Banusz, Tamas"]
[Result "1/2-1/2"]
[WhiteElo "2582"]
[BlackElo "2621"]
[Annotator "TA"]
[PlyCount "38"]
[EventDate "2019.12.10"]
[EventType "k.o."]
[EventCountry "HUN"]
[SourceTitle "playchess.com"]
[Source "ChessBase"]
[SourceQuality "1"]

{[%evp 17,38,16,22,22,29,0,0,0,0,0,0,-339,0,0,0,0,0,0,0,0,0,0,0]} 1. d4 d5 2. Bf4 Nf6 3. e3 c5 4. Nf3 $146 ({Predecessor:} 4. c3 e6 5. Nd2 Nc6 {½-½ (18) Grachev,B (2621)-Popov,I (2604) Moscow 2019}) 4... e6 5. Nbd2 Nc6 6. c3 Bd6 7. Bg3 O-O 8. Bd3 Qe7 9. Ne5 Nd7 10. Nxd7 {D02: 1 d4 d5 2 Nf3 sidelines, including 2...Nf6 3 g3 and 2...Nf6 3 Bf4} Qxd7 11. Bxd6 Qxd6 12. dxc5 Qxc5 13. Bxh7+ Kxh7 14. Qh5+ $1 Kg8 {[#] Strongly threatening ...Qb5.} 15. Ne4 $1 {[%cal Re4c5][%mdl 512] The position is equal.} g6 $1 {...Qe7 is the strong threat.} (15... dxe4 16. Qxc5) 16. Qg5 $1 (16. Nxc5 $2 {is the wrong capture.} gxh5 17. Nd3 e5 $19) ({Wrong is} 16. Nf6+ $2 Kg7 $19) 16... Qe7 (16... Qc4 $5 17. Nf6+ $8 Kg7 $11) 17. Nf6+ Kg7 18. Nh5+ $1 Kh7 (18... Kg8 $5 19. Nf6+ $8 Kg7 20. Nh5+ Kh7 21. Nf6+ Kg7 $11) 19. Nf6+ Kg7 1/2-1/2

[Event "HUN KO-ch Men 2019"]
[Site "Budapest"]
[Date "2019.12.12"]
[Round "2.1"]
[White "Balog, Imre"]
[Black "Almasi, Zoltan"]
[Result "0-1"]
[WhiteElo "2558"]
[BlackElo "2691"]
[Annotator "TA"]
[PlyCount "88"]
[EventDate "2019.12.10"]
[EventType "k.o."]
[EventCountry "HUN"]
[SourceTitle "playchess.com"]
[Source "ChessBase"]
[SourceQuality "1"]

{[%evp 12,88,16,10,30,31,43,50,35,42,57,40,25,8,70,83,73,58,58,70,51,34,47,56,108,99,89,87,102,93,97,73,93,96,91,0,0,0,0,0,0,0,0,-71,-77,-94,-67,-68,-68,-80,-102,-94,-26,-26,-31,-30,-19,-19,-21,-24,-29,-65,-52,-75,-26,-73,-66,-218,-226,-368,-368,-410,-410,-385,-385,-5117,-5117,-5117,-5114]} 1. d4 Nf6 2. Nf3 g6 3. Nc3 d5 4. Bf4 Bg7 5. e3 O-O 6. Be2 c6 7. h3 Bf5 {D00: 1 d4 d5: Unusual lines} (7... Nbd7 8. O-O Re8 9. Bh2 a5 10. Ne5 Nxe5 11. Bxe5 Ne4 12. Nxe4 Bxe5 13. dxe5 dxe4 14. Qd4 Qxd4 15. exd4 Rd8 16. Rad1 {0-1 (50) Melkumyan,H (2670)-Amin,B (2710) St Petersburg 2018}) 8. O-O Nbd7 9. g4 Be6 {White is slightly better.} 10. Ng5 c5 $146 ({Predecessor:} 10... Ne8 11. Bg3 Nd6 12. Qd2 Nf6 13. Nxe6 fxe6 14. f3 {½-½ (14) Fiederling,W (2185)-Jacobs,J (1920) Goch 2001}) 11. Nxe6 fxe6 12. g5 Ne8 ({Black should try} 12... Nh5 $1 $11 13. Bxh5 gxh5) 13. Bg4 $14 Qb6 {[%cal Rc5d4]} 14. Na4 $36 {[%mdl 2048] White is pushing.} Qc6 $1 15. Nxc5 Nxc5 16. dxc5 Bxb2 17. Rb1 Bg7 (17... Ba3 $14) 18. c4 dxc4 19. Bf3 Qxc5 20. Bxb7 Nd6 {...Rab8 is the strong threat.} 21. Bxa8 Rxa8 22. Qg4 Nf5 23. Rb8+ (23. Bb8 $16) 23... Rxb8 $11 24. Bxb8 c3 25. Qa4 c2 26. Rc1 {[#]} Nd4 $1 {[%cal Rd4e2][%mdl 512] aiming for ...Ne2+.} 27. Kh2 (27. Qe8+ $11 {keeps the balance.} Bf8 28. Qd7 Nf3+ 29. Kg2) (27. exd4 Qxg5+) 27... Qxg5 $17 28. Bg3 Nf3+ 29. Kh1 $1 Qf5 30. Qg4 Qd5 {Strongly threatening ...h5.} 31. Rxc2 {[#]} Qd1+ {[#]} (31... h5 $1 $17 {[%cal Rh5g4]} 32. Rc8+ Kh7) 32. Kg2 $1 $11 Ne1+ {[%mdl 64] Double Attack} 33. Kf1 Qxc2 34. Qxe6+ Kf8 35. Kxe1 Qd3 {[%cal Rg7c3]} 36. f4 Bf6 37. Kf2 h5 {Threatens to win with ...h4.} 38. Qb3 Qe4 39. Qd1 $2 (39. h4 $1 $15) 39... Qe6 $19 40. Qb1 (40. Kg1 {was necessary.}) 40... h4 41. Bh2 Qxh3 42. Qg1 Qe6 43. Qxg6 $2 (43. Qb1) 43... Qxa2+ 44. Kg1 Qg8 {Accuracy: White = 56%, Black = 63%.} 0-1

[Event "HUN KO-ch Men 2019"]
[Site "Budapest"]
[Date "2019.12.12"]
[Round "2.1"]
[White "Horvath, Csaba"]
[Black "Acs, Peter"]
[Result "1/2-1/2"]
[WhiteElo "2513"]
[BlackElo "2580"]
[Annotator "TA"]
[PlyCount "42"]
[EventDate "2019.12.10"]
[EventType "k.o."]
[EventCountry "HUN"]
[SourceTitle "playchess.com"]
[Source "ChessBase"]
[SourceQuality "1"]

{[%evp 9,42,16,16,16,17,16,17,0,0,0,16,15,4,0,22,0,27,39,56,23,37,39,36,40,46,58,76,64,125,97,112,76,62,-24,28]} 1. Nf3 d5 2. e3 Nf6 3. c4 e6 4. d4 a6 5. b3 c5 6. Bb2 {D30: Queen's Gambit Declined: Systems without Nc3} cxd4 7. exd4 b6 8. Nc3 $146 {The position is equal.} ({Predecessor:} 8. Bd3 Bb7 9. O-O Be7 10. Nbd2 O-O 11. Qe2 Nc6 12. Rac1 Re8 {½-½ (39) Radjabov,T (2758)-Sjugirov,S (2662) Khanty-Mansiysk 2019}) 8... Bb7 9. Bd3 Be7 10. O-O O-O 11. Qe2 Nbd7 12. Rad1 Re8 13. Ne5 $36 {[%mdl 2048] White has good play.} Nf8 14. Qe3 Ng6 15. Bxg6 hxg6 16. c5 Rc8 {[%cal Rb6c5]} 17. Na4 bxc5 18. dxc5 Qc7 ({Better is} 18... a5 $14) 19. b4 Rcd8 20. Rfe1 Nd7 21. Nf3 ({Reject} 21. Nxf7 Kxf7 22. Qxe6+ Kf8 $15) (21. Nb6 $14) 21... Bc6 {Accuracy: White = 51%, Black = 45%.} (21... e5 $142) 1/2-1/2

[Event "HUN KO-ch Men 2019"]
[Site "Budapest"]
[Date "2019.12.13"]
[Round "2.2"]
[White "Almasi, Zoltan"]
[Black "Balog, Imre"]
[Result "1/2-1/2"]
[WhiteElo "2691"]
[BlackElo "2558"]
[Annotator "ChessBase"]
[PlyCount "76"]
[EventDate "2019.12.10"]
[EventType "k.o."]
[EventCountry "HUN"]
[SourceTitle "playchess.com"]
[Source "ChessBase"]
[SourceQuality "1"]
[TimeControl "40/5400+30:1800+30"]

1. Nf3 {[%emt 0:00:06]} Nf6 {[%emt 0:00:13]} 2. c4 {[%emt 0:00:16]} c6 {[%emt 0:00:43]} 3. g3 {[%emt 0:03:22]} b5 {[%emt 0:00:46]} 4. b3 {[%emt 0:05:56]} g6 {[%emt 0:00:54]} 5. Bb2 {[%emt 0:00:28]} Bg7 {[%emt 0:00:27]} 6. cxb5 {[%emt 0:11:47]} Qb6 {[%emt 0:04:52]} 7. Nc3 {[%emt 0:03:37]} cxb5 {[%emt 0:02:03]} 8. Nd5 {[%emt 0:02:12]} Qd6 {[%emt 0:03:01]} 9. e4 {[%emt 0:03:37]} Nc6 {[%emt 0:00:33]} 10. Bxb5 {[%emt 0:01:37]} O-O {[%emt 0:05:32]} 11. Nxf6+ {[%emt 0:01:01]} Bxf6 {[%emt 0:00:44]} 12. Bxf6 {[%emt 0:00:15]} Qxf6 {[%emt 0:01:23]} 13. d4 {[%emt 0:05:48]} Rb8 {[%emt 0:06:39]} 14. Be2 {[%emt 0:01:40]} Rb4 {[%emt 0:00:48]} 15. e5 {[%emt 0:03:38]} Qf5 {[%emt 0:03:20]} 16. a3 {[%emt 0:01:48]} Rb6 {[%emt 0:01:22]} 17. O-O {[%emt 0:00:15]} d6 {[%emt 0:01:59]} 18. exd6 {[%emt 0:05:01]} exd6 {[%emt 0:00:13]} 19. d5 {[%emt 0:10:54]} Ne7 {[%emt 0:02:55]} 20. Nd4 {[%emt 0:00:33]} Qf6 {[%emt 0:01:57]} 21. Bf3 {[%emt 0:00:58]} Bb7 {[%emt 0:00:17]} 22. Rc1 {[%emt 0:01:47]} Nxd5 {[%emt 0:05:48]} 23. b4 {[%emt 0:02:23]} Re8 {[%emt 0:00:53]} 24. b5 {[%emt 0:13:31]} a6 {[%emt 0:00:59]} 25. a4 {[%emt 0:03:40]} axb5 {[%emt 0:01:22]} 26. Nxb5 {[%emt 0:00:34]} Re5 {[%emt 0:00:56]} 27. Bg2 {[%emt 0:01:24]} Rc6 {[%emt 0:05:17]} 28. Qd2 {[%emt 0:06:05]} Qe7 {[%emt 0:01:11]} 29. Nd4 {[%emt 0:02:25]} Rc5 {[%emt 0:03:55]} 30. h4 {[%emt 0:01:00]} Nb6 {[%emt 0:01:31]} 31. Nc6 {[%emt 0:03:32]} Bxc6 {[%emt 0:06:28]} 32. Bxc6 {[%emt 0:00:02]} d5 {[%emt 0:01:52]} 33. Bb5 {[%emt 0:00:24]} Nc4 {[%emt 0:01:18]} 34. Qb4 {[%emt 0:00:29]} Rc7 {[%emt 0:04:45]} 35. Qxe7 {[%emt 0:00:22]} Rexe7 {[%emt 0:00:04]} 36. Rfd1 {[%emt 0:00:44]} Rc5 {[%emt 0:00:25]} 37. Rd4 {[%emt 0:03:20]} Rec7 {[%emt 0:00:27]} 38. Rcd1 {[%emt 0:00:24]} Nb2 {[%emt 0:00:37]} 1/2-1/2